Lego Star Wars: The Complete Saga Characters - Extreme - Statistics

General Stats
  • This quiz has been taken 449 times
  • The average score is 92 of 161
Answer Stats
Episode(s) Character % Correct
VI Darth Vader
99%
IV Ben Kenobi
98%
VI ➔ 2 Ben Kenobi (Ghost)
98%
III Obi-Wan Kenobi (Episode III)
98%
II Obi-Wan Kenobi (Jedi Master)
98%
I Obi-Wan Kenobi (Padawan)
98%
I Anakin Skywalker (Boy)
97%
VI ➔ 2 Anakin Skywalker (Ghost)
97%
III Anakin Skywalker (Jedi)
97%
II Anakin Skywalker (Padawan)
97%
I Qui-Gon Jinn
94%
I 2 Padmé
93%
I Padmé (Battle)
93%
II Padmé (Clawed)
93%
II Padmé (Geonosis)
93%
I Queen Amidala
93%
II - III, V Yoda
91%
VI ➔ 2 Yoda (Ghost)
91%
III Chancellor Palpatine
90%
V Luke Skywalker (Bespin)
90%
V Luke Skywalker (Dagobah)
90%
VI Luke Skywalker (Endor)
90%
V 2 Luke Skywalker (Hoth)
90%
VI Luke Skywalker (Jedi)
90%
V Luke Skywalker (Pilot)
90%
IV Luke Skywalker (Stormtrooper)
90%
IV Luke Skywalker (Tatooine)
90%
VI 2 The Emperor
90%
IV Princess Leia
89%
V Princess Leia (Bespin)
89%
VI Princess Leia (Boushh)
89%
VI Princess Leia (Endor)
89%
V Princess Leia (Hoth)
89%
V 2 Princess Leia (Prisoner)
89%
VI Princess Leia (Slave)
89%
I - VI R2-D2
89%
II, IV - VI C-3PO
87%
IV Han Solo
86%
VI Han Solo (Endor)
86%
V - VI 3 Han Solo (frozen in carbonite)
86%
V 2 Han Solo (Hood)
86%
V Han Solo (Hoth)
86%
VI Han Solo (Skiff)
86%
IV Han Solo (Stormtrooper)
86%
I Jar Jar Binks
85%
II Mace Windu
85%
III 2 Mace Windu (Episode III)
85%
III - VI Chewbacca
82%
I 2 Darth Maul
82%
II 2 Jango Fett
79%
VI 2 Boba Fett
78%
II 2 Boba Fett (Boy)
78%
II 2 Clone
75%
III 2 Clone (Episode III)
75%
III 2 Clone (Episode III, Pilot)
75%
III 2 Clone (Episode III, Swamp)
75%
III 2 Clone (Episode III, Walker)
75%
II 2 Count Dooku
75%
III 2 Disguised Clone
75%
IV 2 Stormtrooper
75%
I 2 Battle Droid
73%
I 2 Battle Droid (Commander)
73%
II 2 Battle Droid (Geonosis)
73%
I 2 Battle Droid (Security)
73%
V Lando Calrissian
71%
VI Lando (Palace Guard)
71%
III 2 General Grievous
70%
II 2 Shaak Ti
70%
II 2 Kit Fisto
67%
II 2 Ki-Adi Mundi
64%
I Captain Panaka
63%
III Commander Cody
62%
IV - VI X-Wing
61%
I 2 Droideka
56%
IV 2 TIE Fighter
56%
IV 2 TIE Fighter (Darth Vader)
56%
I 2 Boss Nass
54%
II 2 Plo Koon
54%
VI Wicket
53%
IV Y-Wing
53%
VI 2 Ewok
51%
II 2 Super Battle Droid
51%
II 2 Aayla Secura
50%
V - VI Millenium Falcon
50%
I TC-14
50%
I 2 Watto
50%
II 2 Zam Wessell
50%
VI 2 Bossk
49%
VI ➔ 2 IG-88
49%
I Anakin's Pod
48%
Extra 2 Indiana Jones
48%
I 2 Sebulba's Pod
48%
IV Captain Antilles
47%
IV 2 Jawa
46%
II Anakin's Speeder
45%
IV 2 Greedo
45%
IV Rebel Friend
45%
II 2 Zam's Airspeeder
45%
VI ➔ 2 Dengar
44%
II 2 Geonosian
44%
I 2 Gonk Droid
44%
IV 2 Grand Moff Tarkin
44%
II 2 Luminara
44%
V 2 Snowtrooper
44%
III Jedi Starfighter (Red)
43%
III Jedi Starfighter (Yellow)
43%
IV 2 Tusken Raider
42%
VI 2 Bib Fortuna
40%
Extra 3 Slave I
40%
II R4-P17
39%
VI ➔ 2 4-LOM
38%
Extra 3 Naboo Starfighter
38%
IV 2 Sandtrooper
38%
I 2 Captain Tarpals
37%
II Republic Gunship
37%
VI 3 Scout Trooper
36%
IV 2 Imperial Spy
35%
II 2 Lama Su
35%
V 2 Lobot
35%
IV 2 Rebel Trooper
35%
V 2 Rebel Trooper (Hoth)
35%
IV 2 Imperial Officer
34%
II 2 Taun We
33%
IV 2 TIE Fighter Pilot
33%
VI 2 Gamorrean Guard
32%
VI 2 Imperial Guard
32%
I 2 Pit Droid
31%
V 2 Rebel Pilot
31%
VI 2 Admiral Ackbar
30%
III 2 Grievous' Bodyguard
29%
VI 2 TIE Bomber
29%
V 2 Bespin Guard
28%
I 2 PK Droid
28%
I 2 Royal Guard
28%
III 2 Wookiee
28%
V Snowspeeder
27%
III 2 Vulture Droid
27%
IV 2 TIE Interceptor
26%
VI 2 Skiff Guard
25%
IV 2 Beach Trooper
24%
IV 2 Imperial Shuttle Pilot
23%
II 2 Dexter Jettster
22%
VI 2 Palace Guard
22%
IV 2 Death Star Trooper
21%
IV 3 Mouse Droid
21%
V - VI 3 AT-AT Driver
20%
V 2 Ugnaught
20%
VI 2 Imperial Shuttle
19%
III 2 Droid Trifighter
18%
VI ➔ 2 R2-Q5
18%
IV 3 Womp Rat
18%
IV 3 Skeleton
16%
III 2 Clone Arcfighter
15%
III 3 Buzz Droid
14%
IV 3 Droid 1
13%
IV 3 Droid 2
13%
IV 3 Droid 3
13%
IV 3 Droid 4
13%
IV 3 Rebel Engineer
12%
IV, VI 3 Imperial Engineer
11%
III 3 Training Remote
9%
No matching quizzes found
Score Distribution
Percent of People with Each Score
Percentile by Number Answered
Your Score History
You have not taken this quiz